| 000 | 00396cam a2200157ua 4500 | ||
|---|---|---|---|
| 041 |
_aeng _h |
||
| 082 |
_a823.301 _bWEI/RE |
||
| 100 | _aWeigle, Oscar . | ||
| 245 |
_aRead- aloud stories from child life / _cOscar weigle. _hTextual Documents |
||
| 260 |
_aNew York : _bWonder Books , _c1961. |
||
| 300 | _a127 ; . | ||
| 504 | _a | ||
| 700 | 1 | _aCrosby, . | |
| 942 | _cBK | ||
| 999 |
_c4393 _d4393 |
||